Statistics for Famous People by Statue #1

Click here to take the quiz!

General Stats

  • This quiz has been taken 856 times
  • The average score is 8 of 12

Answer Stats

Answer% Correct
Jesus Christ
99%
Elvis Presley
87%
Winston Churchill
87%
Buddha
85%
Vladimir Lenin
82%
Nelson Mandela
73%
Augustus
69%
Genghis Khan
66%
Horatio Nelson
64%
Thomas Jefferson
61%
Queen Elizabeth II
45%
Otto von Bismarck
21%

Score Distribution

Percentile by Number Answered

Percent of People with Each Score

Your Score History

You have not taken this quiz